00936nam a22001937a 450000500170000000800410001702000180005804000070007604100120008308200220009510000170011724500870013426000280022130000300024952003840027965000280066365000320069170000190072320230627150028.0230602b ||||| |||| 00| 0 eng d a9780330347747 cAL aEnglish 223a153.852bSPEH aGerry Spence aHow to argue and win every time: At Home At WorK In Court Everywhere Every day aLondonbPan Booksc1995 ax,307 p.bPBc19.5x13 cm. aHow to Argue and Win Every Time is a book that teaches you how to argue in everyday life - at home, in the bedroom, with the boss, with teachers, and with your kids. But it is also a book with sweeping implications for American society, for at its heart, it proposes a new philosophy - that winning is not what you think it is and that your enemy's loss may be your loss as well. aPersuasion (Psychology) aInterpersonal communication aSPENCE (Gerry)